Quiz o Wrocławiu - Statystyki

Ogólne statystyki
  • Ten quiz został rozwiązany 203 razy
  • Średni wynik to 11 z 15
Statystyki odpowiedzi
Podpowiedź Odpowiedź % Poprawnych
1. Województwo, w którym się znajduje miasto dolnośląskie
99%
4. Drobne postaci, których rzeźby są symbolem miasta krasnale
93%
7. Rzeka przepływająca przez Wrocław Odra
93%
6. Jest najstarszym tego typu obiektem w Polsce, przyciąga całe rodziny ze względu na obecność licznych gatunków zwierząt Ogród Zoologiczny
89%
14. Nazwa lokalnego klubu piłkarskiego Śląsk Wrocław
88%
11. Najwyższy budynek w mieście i jeden z najwyższych w całej Polsce Sky Tower
87%
2. Prezydent miasta (stan na 2022) Jacek Sutryk
85%
3. Obiekt znajdujący się na liście UNESCO Hala Stulecia
79%
13. Wrocław ma drugi co do wielkości rynek w Polsce. A gdzie znajdziemy największy? Kraków
78%
15. Nazwa stadionu, na którym rozgrywa mecze ten zespół (2022) Tarczyński Arena
78%
10. Wyspa uwielbiana przez młodych ludzi ze względu na brak zakazu spożywania alkoholu Wyspa Słodowa
78%
8. Jeden z najbardziej znanych mostów, znajduje się w pobliżu głównego kampusu Politechniki Most Grunwaldzki
74%
12. Jego imię nosi wrocławskie lotnisko Mikołaj Kopernik
46%
5. Najstarsza restauracja w Europie (1273), znajduje się na rynku Piwnica Świdnicka
42%
9. Alma Mater profesora Jana Miodka Uniwersytet Wrocławski
39%
Nie znaleziono quizów pasujących do podanych kryteriów
Rozkład punktacji
Procent ludzi z każdym wynikiem
Percentyl według liczby udzielonych odpowiedzi
Twoja historia wyników
Nie rozwiązałeś tego quizu